| 000 | 00711cam a2200241I 4500 | ||
|---|---|---|---|
| 001 | 20450 | ||
| 003 | BD-RjUL | ||
| 005 | 20211209000551.0 | ||
| 008 | 140301s1965 enk 000 0 eng d | ||
| 035 | _a(BD-RjUL)20512 | ||
| 040 |
_aTOL _cTOL _dm.c. _dIAY _dBOS _dBD-RjUL _beng |
||
| 041 | _aeng | ||
| 082 |
_a822.9 _bLAC 1965 |
||
| 100 | 1 |
_aLawrence, D. H. _q(David Herbert), _d1885-1930. _963059 |
|
| 245 | 1 | 4 |
_aThe complete plays of D.H. Lawrence / _c D. H. Lawrence, |
| 260 |
_aLondon : _bHeinemann, _cc1965 |
||
| 300 |
_a558 p. : _c22 cm. |
||
| 490 | 0 | _aThe Phoenix edition of D. H. Lawrence. | |
| 650 |
_a English drama. _963060 |
||
| 942 |
_2ddc _cBK |
||
| 999 |
_c20450 _d20450 |
||